[Event "Titled Tue 20th May Early"]
[Site "chess.com INT"]
[Date "2025.05.20"]
[Round "10"]
[White "Piesik, Piotr"]
[Black "Korchynskyi, Mykola"]
[Result "1-0"]
[WhiteTitle "IM"]
[BlackTitle "FM"]
[WhiteElo "2436"]
[BlackElo "2325"]
[WhiteFideId "1136194"]
[BlackFideId "34138005"]
[EventDate "2025.05.20"]

1. Nf3 Nf6 2. g3 d5 3. Bg2 e6 4. O-O Be7 5. d3 O-O 6. Nbd2 b6 7. e4 dxe4 8. dxe4
Bb7 9. Qe2 Qc8 10. Rd1 c5 11. c3 Rd8 12. e5 Nfd7 13. Ne4 Nc6 14. Bf4 Nf8 15. Bg5
Bxg5 16. Nfxg5 h6 17. Nf3 Qc7 18. Nd6 Rab8 19. Nxb7 Qxb7 20. Nd2 Qc7 21. f4 Ne7
22. Nc4 b5 23. Rxd8 Rxd8 24. Nd6 a6 25. a4 c4 26. axb5 axb5 27. Qf2 Nf5 28. Ra7
Qb8 29. Ra8 Qc7 30. Rxd8 Qxd8 31. Nxb5 Qd1+ 32. Bf1 Nd7 33. Na3 Qc1 34. Nxc4 g5
35. Qd2 Qb1 36. Qxd7 gxf4 37. gxf4 Qe4 38. Qd2 Nh4 39. Qd8+ Kg7 40. Qxh4 Qf3 41.
Qg3+ 1-0

[Event "Titled Tue 20th May Early"]
[Site "chess.com INT"]
[Date "2025.05.20"]
[Round "10"]
[White "Aarav Sinha"]
[Black "Berikkyzy Alanna"]
[Result "1-0"]
[WhiteTitle "FM"]
[BlackTitle "WFM"]
[WhiteElo "2255"]
[BlackElo "2104"]
[WhiteFideId "25674064"]
[BlackFideId "13780719"]
[EventDate "2025.05.20"]

1. e4 c5 2. Nf3 d6 3. Bb5+ Nc6 4. O-O Bd7 5. Re1 Nf6 6. c3 a6 7. Bf1 Bg4 8. h3
Bxf3 9. Qxf3 e6 10. Na3 Be7 11. Nc2 e5 12. d4 cxd4 13. cxd4 exd4 14. Qd3 O-O 15.
Nxd4 Ne5 16. Qd1 Re8 17. Bf4 Ng6 18. Bh2 d5 19. e5 Ne4 20. Bd3 Nc5 21. Bc2 Bf8
22. Qf3 Ne6 23. Rad1 Nxd4 24. Rxd4 Qa5 25. Qc3 Qb6 26. Bxg6 hxg6 27. Rxd5 Rac8
28. Qf3 Re7 29. b3 Qb4 30. Red1 Rec7 31. Bg3 Rc1 32. Kh2 Rxd1 33. Rxd1 Rc2 34.
Rd7 Be7 35. Rxb7 Qxb7 36. Qxb7 1-0

[Event "Titled Tue 20th May Early"]
[Site "chess.com INT"]
[Date "2025.05.20"]
[Round "10"]
[White "Kshatriya, Nitin Vekhande"]
[Black "Purtseladze, Maka"]
[Result "1-0"]
[WhiteTitle "FM"]
[BlackTitle "IM"]
[WhiteElo "2255"]
[BlackElo "2261"]
[WhiteFideId "45075530"]
[BlackFideId "13602659"]
[EventDate "2025.05.20"]

1. e4 c6 2. d4 d5 3. exd5 cxd5 4. Bd3 Nc6 5. c3 Nf6 6. Bf4 Bg4 7. Qb3 Qd7 8. Nd2
e6 9. Ngf3 Bd6 10. Bxd6 Qxd6 11. O-O O-O 12. Rae1 Bxf3 13. Nxf3 Ne7 14. Ne5 a6
15. Re3 b5 16. Rh3 Ng6 17. f4 Ne4 18. Qd1 h6 19. Bxe4 dxe4 20. Qg4 Kh7 21. Nxg6
fxg6 22. Re3 Qd5 23. a3 Rf5 24. Qe2 Raf8 25. Rxe4 R5f6 26. g3 g5 27. Re5 Qc6 28.
Qe4+ Qxe4 29. Rxe4 Kg6 30. Kg2 h5 31. Kf3 gxf4 32. gxf4 Kf7 33. Rg1 g6 34. Rg5
Rf5 35. Re5 Rd8 36. h4 Rd5 37. Ke4 Rd7 38. b3 Kf6 39. Rc5 Rb7 40. Rc8 a5 41. Rg8
Rxg5 42. fxg5+ Kf7 43. Rh8 a4 44. Rh7+ 1-0

[Event "Titled Tue 20th May Early"]
[Site "chess.com INT"]
[Date "2025.05.20"]
[Round "10"]
[White "Viskelis, Darius"]
[Black "Karimova, Guldona"]
[Result "0-1"]
[WhiteTitle "FM"]
[BlackTitle "WIM"]
[WhiteElo "2165"]
[BlackElo "2265"]
[WhiteFideId "12800830"]
[BlackFideId "14210410"]
[EventDate "2025.05.20"]

1. e4 c5 2. Nf3 e6 3. c3 Nf6 4. Bd3 Nc6 5. Bc2 d5 6. e5 Nd7 7. d4 Be7 8. O-O b5
9. a4 b4 10. Bf4 cxd4 11. cxd4 Ba6 12. Re1 Na5 13. b3 Rc8 14. Bd3 Bxd3 15. Qxd3
Qb6 16. Nbd2 Rc3 17. Qb5 a6 18. Qxb6 Nxb6 19. Rab1 Kd7 20. Kf1 Rhc8 21. Re3 h6
22. h4 Rc2 23. Ke2 R8c3 24. Kd1 Ra2 25. h5 Ra3 26. Ne1 Ra2 27. g4 Bh4 28. Bg3
Be7 29. Rd3 Nc6 30. Nef3 Rxd3 0-1

[Event "Titled Tue 20th May Early"]
[Site "chess.com INT"]
[Date "2025.05.20"]
[Round "10"]
[White "Matinian, Nikita"]
[Black "Galchenko, Matvey"]
[Result "1-0"]
[WhiteTitle "GM"]
[BlackTitle "IM"]
[WhiteElo "2420"]
[BlackElo "2442"]
[WhiteFideId "24129100"]
[BlackFideId "24175480"]
[EventDate "2025.05.20"]

1. e4 e6 2. d4 d5 3. Nc3 Bb4 4. e5 Ne7 5. a3 Bxc3+ 6. bxc3 c5 7. h4 Qc7 8. h5
cxd4 9. cxd4 Qc3+ 10. Bd2 Qxd4 11. Nf3 Qe4+ 12. Be2 Nf5 13. Kf1 b6 14. h6 gxh6
15. Bb5+ Nd7 16. Bd3 Qg4 17. Rb1 a5 18. Qe2 Rg8 19. Rh2 Nc5 20. Rxb6 Nxd3 21.
cxd3 Bd7 22. g3 Rc8 23. Bxh6 Qa4 24. Bf4 Qxa3 25. Rxh7 Qc5 26. Rb7 a4 27. Ng5
Rf8 28. Qh5 Rc7 29. Nxf7 Rxb7 30. Nd6+ Kd8 31. Nxb7+ 1-0

[Event "Titled Tue 20th May Early"]
[Site "chess.com INT"]
[Date "2025.05.20"]
[Round "10"]
[White "Le, Minh Tu"]
[Black "Iljin, Timofey"]
[Result "0-1"]
[WhiteTitle "FM"]
[BlackTitle "IM"]
[WhiteElo "1932"]
[BlackElo "2242"]
[WhiteFideId "12404888"]
[BlackFideId "14110180"]
[EventDate "2025.05.20"]

1. e4 e6 2. d4 d5 3. exd5 exd5 4. Bd3 c5 5. c3 Nc6 6. Nf3 Bd6 7. dxc5 Bxc5 8.
O-O Nge7 9. Nbd2 O-O 10. Nb3 Bb6 11. h3 a6 12. Nbd4 Qd6 13. Re1 Bd7 14. Bg5 Rfe8
15. Bh4 Ng6 16. Bxg6 Qxg6 17. Bg3 Re4 18. Qb3 Nxd4 19. cxd4 Rae8 20. Qxd5 Bc6
21. Rxe4 Rxe4 22. Qb3 Ba7 23. Ne5 Qf6 24. Nxc6 Qxc6 25. d5 Qd7 26. d6 h5 27. Qd5
h4 28. Qxe4 hxg3 29. Qe7 gxf2+ 30. Kh1 Qf5 31. Qe2 Bc5 32. Rd1 Bxd6 33. Rf1 Qf4
34. Qxf2 Qh2# 0-1

[Event "Titled Tue 20th May Early"]
[Site "chess.com INT"]
[Date "2025.05.20"]
[Round "10"]
[White "Li, Hui"]
[Black "Terron Elena, Francisco M."]
[Result "1/2-1/2"]
[WhiteTitle "CM"]
[BlackTitle "FM"]
[WhiteElo "2041"]
[BlackElo "2148"]
[WhiteFideId "15400310"]
[BlackFideId "2210576"]
[EventDate "2025.05.20"]

1. e4 e5 2. Nf3 Nc6 3. Bb5 a6 4. Ba4 Nge7 5. O-O g6 6. d4 exd4 7. Nxd4 Bg7 8.
Be3 O-O 9. Nc3 d6 10. Nxc6 Nxc6 11. h3 b5 12. Bb3 Na5 13. Qd2 Nxb3 14. axb3 Bb7
15. Bh6 Re8 16. Bxg7 Kxg7 17. Qd4+ Qf6 18. Qxf6+ Kxf6 19. Rfe1 Re5 20. f3 Rae8
21. Red1 Kg7 22. b4 h5 23. h4 f5 24. exf5 Rxf5 25. Re1 Rxe1+ 26. Rxe1 Kf7 27.
Ne4 Re5 28. Ng5+ Kf6 29. Rxe5 Kxe5 30. Kf2 c5 31. bxc5 dxc5 32. Ke3 a5 33. g4
hxg4 34. fxg4 a4 35. h5 gxh5 36. gxh5 Kf6 37. h6 b4 38. h7 Kg7 39. Ne6+ Kxh7 40.
Nxc5 a3 41. bxa3 bxa3 42. Nb3 Kg6 43. Kd2 Kf5 44. Kc3 Ke5 45. Kb4 Be4 46. c3 a2
47. Ka3 Bb1 48. Kb2 Kd5 49. Nc1 Kc4 50. Nxa2 Bxa2 51. Kxa2 Kxc3 1/2-1/2

[Event "Titled Tue 20th May Early"]
[Site "chess.com INT"]
[Date "2025.05.20"]
[Round "10"]
[White "Zaksaite, Salomeja"]
[Black "Ermolaev, Evgeny"]
[Result "1-0"]
[WhiteTitle "WGM"]
[BlackTitle "FM"]
[WhiteElo "2119"]
[BlackElo "2282"]
[WhiteFideId "12801496"]
[BlackFideId "24103195"]
[EventDate "2025.05.20"]

1. d4 Nf6 2. Nf3 g6 3. e3 Bg7 4. Be2 O-O 5. b3 d5 6. Bb2 c5 7. O-O b6 8. dxc5
bxc5 9. c4 Nc6 10. cxd5 Qxd5 11. Qxd5 Nxd5 12. Bxg7 Kxg7 13. Rc1 Bd7 14. Rxc5 e6
15. Nc3 Ndb4 16. Rd1 Rfd8 17. a3 Nd5 18. Nxd5 exd5 19. Rdxd5 Ne7 20. Rd6 Be6 21.
Rxd8 Rxd8 22. Nd4 Bd5 23. Rc7 Kf6 24. Bf3 a6 25. Kf1 h5 26. Ke2 Rd6 27. b4 Ba2
28. h4 Bb1 29. g3 Ba2 30. a4 Rb6 31. b5 axb5 32. axb5 Bb1 33. Kd2 Ba2 34. Kc3
Rb8 35. Rxe7 1-0

[Event "Titled Tue 20th May Early"]
[Site "chess.com INT"]
[Date "2025.05.20"]
[Round "10"]
[White "Kozak, Antoni"]
[Black "Piorun, Kacper"]
[Result "0-1"]
[BlackTitle "GM"]
[WhiteElo "2426"]
[BlackElo "2577"]
[WhiteFideId "21832030"]
[BlackFideId "1130420"]
[EventDate "2025.05.20"]

1. Nf3 d5 2. d3 Nc6 3. Bf4 f6 4. d4 Bg4 5. h3 Bh5 6. c3 e6 7. e3 Bd6 8. Be2 Nge7
9. Nbd2 Bf7 10. b4 a6 11. Nb3 e5 12. Bh2 e4 13. Nfd2 Ng6 14. Bxd6 Qxd6 15. h4 f5
16. g3 O-O 17. a4 a5 18. b5 Nd8 19. c4 dxc4 20. Bxc4 Ne7 21. Qc2 b6 22. Rc1 Rc8
23. Qc3 c6 24. bxc6 Ndxc6 25. O-O Nb4 26. Bxf7+ Rxf7 27. Qa1 Rxc1 28. Rxc1 Nd3
29. Rc3 h6 30. Nc4 Qe6 31. Na3 Nd5 32. Nb5 Nxc3 33. Qxc3 Rf8 34. Nc7 Rc8 35.
Nxe6 Rxc3 36. Nd2 Rc2 37. Nb3 Rb2 38. d5 Rxb3 39. d6 Ne5 0-1

[Event "Titled Tue 20th May Early"]
[Site "chess.com INT"]
[Date "2025.05.20"]
[Round "10"]
[White "Le, Tuan Minh"]
[Black "Kravtsiv, Martyn"]
[Result "0-1"]
[WhiteTitle "GM"]
[BlackTitle "GM"]
[WhiteElo "2598"]
[BlackElo "2598"]
[WhiteFideId "12401153"]
[BlackFideId "14113147"]
[EventDate "2025.05.20"]

1. d4 d5 2. Nf3 Nf6 3. Bf4 e6 4. e3 Bd6 5. Nbd2 O-O 6. c3 c5 7. Bd3 Nc6 8. Bg3
g6 9. Qe2 b6 10. dxc5 bxc5 11. e4 Be7 12. O-O Nh5 13. Rfe1 Bf6 14. Rad1 Nxg3 15.
hxg3 Qb6 16. Bb5 Bb7 17. Bxc6 Bxc6 18. e5 Bg7 19. Nf1 Rfd8 20. Ne3 Rab8 21. Ng4
Qxb2 22. Qe3 d4 23. Qg5 Bxf3 24. gxf3 Qxc3 25. Kg2 Qc2 26. Rh1 Qf5 27. Nh6+ Bxh6
28. Qxh6 Qxe5 29. Qxh7+ Kf8 30. Qh4 g5 31. Qh7 Qf5 32. Qh2 Ke7 33. Rhe1 Rh8 0-1

[Event "Titled Tue 20th May Early"]
[Site "chess.com INT"]
[Date "2025.05.20"]
[Round "10"]
[White "Zhauynbay, Alimzhan"]
[Black "Guerra Tulcan, Lenin"]
[Result "0-1"]
[WhiteTitle "CM"]
[BlackTitle "IM"]
[WhiteElo "2077"]
[BlackElo "2310"]
[WhiteFideId "13782657"]
[BlackFideId "3601382"]
[EventDate "2025.05.20"]

1. Nf3 e6 2. b3 b6 3. Bb2 Bb7 4. e3 Nf6 5. d3 d6 6. Nbd2 Nbd7 7. Be2 Be7 8. O-O
O-O 9. c4 e5 10. e4 Re8 11. h3 Nf8 12. Re1 Ng6 13. Nf1 c6 14. Ne3 Bf8 15. Qc2 d5
16. Rad1 d4 17. Nf5 Nf4 18. Bf1 g6 19. Ng3 Qc7 20. Bc1 N6h5 21. Nxh5 Nxh5 22. g3
a5 23. Bg2 a4 24. Rf1 axb3 25. axb3 Ra6 26. Bb2 Rea8 27. Ra1 Bc8 28. Rxa6 Rxa6
29. Ra1 Rxa1+ 30. Bxa1 Qa7 31. Bb2 f6 32. Qb1 Ng7 33. Nd2 Bb4 34. Nf3 Ne6 35.
Bf1 Nc5 36. Bc1 Qa5 37. Be2 Bxh3 38. Nh2 Be6 39. Ng4 Bxg4 40. Bxg4 Ba3 41. Bh6
Kf7 42. f4 Qd2 43. Qf1 Qxd3 44. Qh3 Qe3+ 45. Kf1 Nxe4 46. fxe5 Qf2# 0-1

[Event "Titled Tue 20th May Early"]
[Site "chess.com INT"]
[Date "2025.05.20"]
[Round "10"]
[White "Buscar, Michael"]
[Black "Shukhman, Anna"]
[Result "1-0"]
[BlackTitle "WGM"]
[WhiteElo "2016"]
[BlackElo "2413"]
[WhiteFideId "2603616"]
[BlackFideId "54180058"]
[EventDate "2025.05.20"]

1. d4 d5 2. c4 e5 3. e3 dxc4 4. Bxc4 exd4 5. Nf3 Nf6 6. Qxd4 Qxd4 7. Nxd4 Bc5 8.
Nb3 Be7 9. O-O c6 10. Bd2 Bf5 11. Bc3 Nbd7 12. a4 Ne4 13. Bxg7 Rg8 14. Nd4 Bg4
15. h3 Bxh3 16. gxh3 Rxg7+ 17. Kh2 Ne5 18. Be2 Bd6 19. f4 Rg3 20. Nf5 Rxe3 21.
Nxe3 Ng6 22. Ng2 O-O-O 23. Bg4+ Kc7 24. Nc3 Nc5 25. Rad1 Re8 26. b4 Nb3 27. b5
Nxf4 28. Nxf4 Re3 29. Rxd6 Kxd6 30. bxc6 Rxc3 31. cxb7 Kc7 32. Nd5+ 1-0

[Event "Titled Tue 20th May Early"]
[Site "chess.com INT"]
[Date "2025.05.20"]
[Round "10"]
[White "Bardyk, Artem"]
[Black "Rozum, Ivan"]
[Result "1-0"]
[WhiteTitle "FM"]
[BlackTitle "GM"]
[WhiteElo "2284"]
[BlackElo "2439"]
[WhiteFideId "34349979"]
[BlackFideId "24104272"]
[EventDate "2025.05.20"]

1. Nf3 d5 2. b3 c6 3. Bb2 Bg4 4. e3 Nd7 5. h3 Bh5 6. d3 Ngf6 7. g4 Bg6 8. Nh4 e5
9. Nd2 Bd6 10. Bg2 Qe7 11. Qe2 Ba3 12. Bxa3 Qxa3 13. O-O Qe7 14. Rae1 h6 15. f4
Bh7 16. Qf2 O-O-O 17. e4 dxe4 18. Nxe4 Nxe4 19. Bxe4 Bxe4 20. Rxe4 Nf6 21. Rxe5
Qa3 22. Nf5 g6 23. Ne7+ Kb8 24. Qc5 Qxc5+ 25. Rxc5 Rhe8 26. Re5 Kc7 27. g5 Nd7
28. Re2 Kd6 29. Rfe1 hxg5 30. Nf5+ gxf5 31. Rxe8 Rxe8 32. Rxe8 gxf4 33. h4 Nf6
34. Re1 Nh5 35. Kf2 Kd5 36. c3 c5 37. Kf3 b5 38. Rg1 c4 39. bxc4+ bxc4 40. d4
Ng3 41. Rg2 Ne4 42. Rc2 Ke6 43. Kxf4 Kf6 44. h5 Ng5 45. d5 Nh3+ 46. Kg3 Ng5 47.
h6 Kg6 48. Rh2 Ne4+ 49. Kf4 Kh7 50. Rh3 Nd6 51. Ke5 1-0

[Event "Titled Tue 20th May Early"]
[Site "chess.com INT"]
[Date "2025.05.20"]
[Round "10"]
[White "Kabamwanishi, Mashala"]
[Black "Flis, Pawel"]
[Result "0-1"]
[WhiteTitle "FM"]
[BlackTitle "CM"]
[WhiteElo "1940"]
[BlackElo "1954"]
[WhiteFideId "21400059"]
[BlackFideId "1112864"]
[EventDate "2025.05.20"]

1. e3 e5 2. b3 d5 3. Bb2 Bd6 4. Nf3 Nc6 5. Bb5 f6 6. d4 Qe7 7. dxe5 fxe5 8.
Bxc6+ bxc6 9. Nxe5 Nf6 10. Nxc6 Qe4 11. O-O O-O 12. Nc3 Qh4 13. g3 Qh3 14. Qf3
Bg4 15. Qg2 Qh5 16. Rfe1 Bf3 17. Qf1 Ng4 18. h3 Rae8 19. Nd4 Ne5 20. Nxf3 Nxf3+
21. Kg2 Nxe1+ 22. Qxe1 Qf3+ 23. Kg1 d4 24. Qe2 dxc3 25. Qxf3 Rxf3 26. Bxc3 Ref8
27. Be1 R3f5 28. Rd1 Rc5 29. c4 Rh5 30. Kg2 h6 31. g4 Re5 32. Bc3 Re4 0-1

[Event "Titled Tue 20th May Early"]
[Site "chess.com INT"]
[Date "2025.05.20"]
[Round "10"]
[White "Le, Quang Liem"]
[Black "Martinez Alcantara, Jose Eduardo"]
[Result "1/2-1/2"]
[WhiteTitle "GM"]
[BlackTitle "GM"]
[WhiteElo "2729"]
[BlackElo "2611"]
[WhiteFideId "12401137"]
[BlackFideId "3805662"]
[EventDate "2025.05.20"]

1. d4 Nf6 2. c4 e6 3. Nf3 Bb4+ 4. Bd2 c5 5. Bxb4 cxb4 6. g3 b6 7. Bg2 Bb7 8. O-O
a5 9. Qd3 O-O 10. Nbd2 d6 11. Rfd1 h6 12. Ne1 Qc7 13. Bxb7 Qxb7 14. Nc2 Nc6 15.
a3 bxa3 16. bxa3 d5 17. Rab1 Qa6 18. Rb2 Ne7 19. Rdb1 Nd7 20. Ne3 Rac8 21. Rb5
dxc4 22. Ndxc4 Rc6 23. R1b2 Rfc8 24. Qb3 a4 25. Qb4 Nd5 26. Nxd5 exd5 27. Ne3
Nf6 28. Nxd5 Nxd5 29. Rxd5 Qa8 30. e4 Re6 31. Re5 Rc1+ 32. Kg2 Kh7 33. Qb5 Rc3
34. Rxe6 fxe6 35. Qe5 Qf8 36. Qxe6 Qf3+ 37. Kh3 Qh5+ 38. Kg2 Qf3+ 39. Kh3 Qh5+
40. Kg2 Qf3+ 1/2-1/2

[Event "Titled Tue 20th May Early"]
[Site "chess.com INT"]
[Date "2025.05.20"]
[Round "10"]
[White "Roberson, Peter T"]
[Black "Naroditsky, Daniel"]
[Result "1-0"]
[WhiteTitle "IM"]
[BlackTitle "GM"]
[WhiteElo "2440"]
[BlackElo "2619"]
[WhiteFideId "412384"]
[BlackFideId "2026961"]
[EventDate "2025.05.20"]

1. e4 c6 2. d4 d6 3. f4 g6 4. Nf3 Bg4 5. h3 Bxf3 6. Qxf3 Bg7 7. Be3 Qb6 8. Nd2
Bxd4 9. Bxd4 Qxd4 10. O-O-O Nf6 11. Bd3 Nbd7 12. g4 Nc5 13. g5 Nfd7 14. Bc4 Nb6
15. c3 Qg7 16. Be2 O-O-O 17. h4 e5 18. f5 d5 19. f6 Qf8 20. Kb1 Kb8 21. Qg3 Qd6
22. h5 Rhe8 23. hxg6 hxg6 24. Rh7 dxe4 25. Rxf7 Qe6 26. Rg7 Qf5 27. Rf1 Qe6 28.
Qe3 Qd5 29. Rxg6 Qxd2 30. Qxd2 Rxd2 31. f7 Rf8 32. Rg8 Nbd7 33. g6 Rxe2 34.
Rxf8+ Nxf8 35. g7 Nce6 36. g8=Q e3 37. Qh8 Kc8 38. Qxe5 a6 39. Rg1 Rf2 40. Rg8
Kd7 41. Qxe3 Rxf7 42. Rg1 Nc7 43. Rd1+ Kc8 44. c4 Nfe6 45. a3 c5 46. Rd6 Nd4 47.
Qh3+ Kb8 48. Rd8+ Ka7 49. Qc8 Kb6 50. Rd6+ Ka7 51. Ka2 Nc6 52. Rd7 Rxd7 53. Qxd7
Kb6 54. Qd6 Ne8 55. Qf8 Nc7 56. b4 cxb4 57. axb4 Ka7 58. Kb3 Ne6 59. Qd6 Ned4+
60. Kc3 Ne2+ 61. Kb3 Ncd4+ 62. Kb2 Nc6 63. b5 axb5 64. cxb5 Na5 65. Qc5+ b6 66.
Qc7+ Nb7 67. Qe5 Ng1 68. Qe4 Nh3 69. Qf5 Ng1 70. Qg4 Nc5 71. Qxg1 Kb7 72. Qh1+
Kc7 73. Kc3 Kb8 74. Kc4 Ne6 75. Qh2+ Kb7 76. Qh3 Nc7 77. Qh7 Kc8 78. Qg8+ Kd7
79. Qg7+ Kd6 80. Kb4 Nd5+ 81. Kb3 Ne3 82. Qh6+ Kd5 83. Qxe3 Kd6 84. Qxb6+ Ke5
85. Qc6 Kd4 86. b6 Ke5 87. b7 Kf4 88. b8=Q+ Kf5 89. Qf8+ Kg4 90. Qg6+ Kh3 91.
Qfh6# 1-0

[Event "Titled Tue 20th May Early"]
[Site "chess.com INT"]
[Date "2025.05.20"]
[Round "10"]
[White "Vaganian, Rafael A"]
[Black "Rozman, Levy"]
[Result "0-1"]
[WhiteTitle "GM"]
[BlackTitle "IM"]
[WhiteElo "2449"]
[BlackElo "2324"]
[WhiteFideId "13300016"]
[BlackFideId "2039877"]
[EventDate "2025.05.20"]

1. d4 Na6 2. e4 c6 3. Nf3 d5 4. Nc3 dxe4 5. Nxe4 Nf6 6. Nxf6+ gxf6 7. g3 Bf5 8.
c3 Qd7 9. Bg2 O-O-O 10. O-O Bh3 11. b4 Nc7 12. a4 h5 13. b5 Bxg2 14. Kxg2 h4 15.
Qe2 hxg3 16. fxg3 Nd5 17. Bd2 Qh3+ 18. Kg1 c5 19. c4 Nb4 20. dxc5 Nd3 21. Rad1
e5 22. Be3 e4 23. c6 bxc6 24. Nd4 Bc5 25. Nc2 Rdg8 26. Bxc5 Rxg3+ 27. Kh1 Nxc5
28. Qf2 Rf3 29. Qg2 Qxg2+ 30. Kxg2 Rg8+ 31. Kh1 Nxa4 32. Nd4 Rxf1+ 33. Rxf1 cxb5
34. Nxb5 Nc5 35. Nxa7+ Kd7 36. Nb5 Ke6 37. Nd4+ Ke5 38. Nc6+ Kd6 39. Nd4 Nd3 40.
Rxf6+ Ke5 41. Rxf7 Kxd4 42. c5 e3 43. c6 Nf2+ 44. Rxf2 exf2 0-1

[Event "Titled Tue 20th May Early"]
[Site "chess.com INT"]
[Date "2025.05.20"]
[Round "10"]
[White "Shubenkova, Veronika"]
[Black "Guliev, Gasan"]
[Result "1-0"]
[WhiteTitle "WFM"]
[BlackTitle "CM"]
[WhiteElo "2024"]
[BlackElo "2123"]
[WhiteFideId "44124040"]
[BlackFideId "34165638"]
[EventDate "2025.05.20"]

1. d4 Nf6 2. e3 c5 3. f4 e6 4. Nf3 b6 5. c3 Bb7 6. Bd3 Be7 7. Nbd2 Nc6 8. O-O
Qc7 9. Ne5 cxd4 10. exd4 Rc8 11. Qe2 O-O 12. Ndf3 d6 13. Nxc6 Qxc6 14. Bd2 h6
15. Rae1 Rfe8 16. Bb5 Qd5 17. Bxe8 Nxe8 18. a3 Nc7 19. Qf2 Ba6 20. Qg3 Bxf1 21.
Rxf1 Qf5 22. h3 Nd5 23. Nh2 Qc2 24. Bc1 Nf6 25. f5 exf5 26. Bxh6 g6 27. Qh4 Qe4
28. Bg5 Qxh4 29. Bxh4 Kg7 30. Bxf6+ Bxf6 31. Re1 b5 32. Nf3 a5 33. Re3 b4 34.
axb4 axb4 35. cxb4 Rc4 36. Rb3 1-0

[Event "Titled Tue 20th May Early"]
[Site "chess.com INT"]
[Date "2025.05.20"]
[Round "10"]
[White "Sharankov, Grigory"]
[Black "Andrade, Ivan"]
[Result "1-0"]
[WhiteTitle "CM"]
[BlackTitle "FM"]
[WhiteElo "2238"]
[BlackElo "2161"]
[WhiteFideId "4168356"]
[BlackFideId "14800039"]
[EventDate "2025.05.20"]

1. e4 c5 2. Nf3 d6 3. d4 cxd4 4. Qxd4 Nc6 5. Qe3 Nf6 6. h3 e6 7. Be2 Be7 8. O-O
O-O 9. Rd1 Qc7 10. c4 a6 11. Nc3 Ne5 12. b3 Nfd7 13. Bb2 Bf6 14. Nd4 Nc6 15.
Nxc6 bxc6 16. Rac1 a5 17. Ba3 Be7 18. Qg3 e5 19. Rd2 a4 20. Nxa4 Nc5 21. Bxc5
dxc5 22. Rcd1 f5 23. exf5 Bxf5 24. Bg4 Rad8 25. Bxf5 Rxf5 26. Rxd8+ Bxd8 27. Qd3
Rf8 28. Nxc5 Qa7 29. Ne6 Rxf2 30. c5 Bh4 31. Qc4 Qxa2 32. Ng5+ Kf8 33. Nxh7+ Ke7
34. Qxh4+ 1-0

[Event "Titled Tue 20th May Early"]
[Site "chess.com INT"]
[Date "2025.05.20"]
[Round "10"]
[White "Khodashenas, Mersad"]
[Black "Sklokin, Sergey"]
[Result "1-0"]
[WhiteTitle "IM"]
[BlackTitle "FM"]
[WhiteElo "2471"]
[BlackElo "2311"]
[WhiteFideId "12514195"]
[BlackFideId "55730230"]
[EventDate "2025.05.20"]

1. e4 c5 2. Nf3 e6 3. d4 cxd4 4. Nxd4 Nf6 5. Nc3 Nc6 6. Ndb5 Bb4 7. a3 Bxc3+ 8.
Nxc3 d5 9. exd5 exd5 10. Bd3 O-O 11. O-O d4 12. Ne2 Bg4 13. f3 Bh5 14. Nf4 Bg6
15. Nxg6 hxg6 16. f4 Nd5 17. Qf3 Re8 18. Bd2 Ne3 19. Rf2 Qb6 20. b4 a5 21. b5
Ne7 22. h4 Rac8 23. Re1 N7f5 24. h5 gxh5 25. Qxh5 g6 26. Qh3 Qc5 27. g4 Nd6 28.
Rh2 Kf8 29. c3 Ne4 30. Qh6+ Ke7 31. Bxe4 Nc4 32. Bc6+ Kd6 33. Bxe8 dxc3+ 34. Be3
Qd5 35. Qf8+ Kc7 36. Qxf7+ Qxf7 37. Bxf7 Nxa3 38. Bc5 Nxb5 39. Bc4 1-0

[Event "Titled Tue 20th May Early"]
[Site "chess.com INT"]
[Date "2025.05.20"]
[Round "10"]
[White "Rahman, Masruri"]
[Black "Jake Shanty"]
[Result "1-0"]
[WhiteTitle "FM"]
[BlackTitle "FM"]
[WhiteElo "2407"]
[BlackElo "2252"]
[WhiteFideId "7101163"]
[BlackFideId "33478066"]
[EventDate "2025.05.20"]

1. d4 d5 2. Bf4 Nf6 3. e3 c5 4. Nf3 Nc6 5. c3 cxd4 6. exd4 Bg4 7. Nbd2 e6 8. Qb3
Qb6 9. Qxb6 axb6 10. Bc7 Kd7 11. Bxb6 Bd6 12. Bb5 Rhe8 13. Ne5+ Ke7 14. Nxc6+
bxc6 15. Bxc6 Reb8 16. Bxa8 Rxb6 17. b4 Ra6 18. Bb7 Rb6 19. Ba8 Ra6 20. f3 Bf5
21. g4 Bd3 22. Bb7 Rb6 23. g5 Ne8 24. Bc8 Rc6 25. Bb7 Rb6 26. Nb3 Rxb7 27. Nc5
Bxc5 28. dxc5 Bb5 29. a4 Ra7 30. Kd2 Rxa4 31. Rxa4 Bxa4 32. Ra1 Bc6 33. Ra7+ Kf8
34. Ra6 Bb5 35. Rb6 Bd7 36. c6 Bc8 37. Rb8 Nd6 38. b5 Ke7 39. b6 Kd8 40. b7 Kc7
41. bxc8=Q+ Nxc8 42. Rb7+ Kxc6 43. Rxf7 Nd6 44. Rxg7 Nc4+ 45. Ke1 Ne5 46. Ke2 1-0

[Event "Titled Tue 20th May Early"]
[Site "chess.com INT"]
[Date "2025.05.20"]
[Round "10"]
[White "Tsolakidou, Stavroula"]
[Black "Dragnev, Valentin"]
[Result "0-1"]
[WhiteTitle "IM"]
[BlackTitle "GM"]
[WhiteElo "2428"]
[BlackElo "2540"]
[WhiteFideId "4264312"]
[BlackFideId "1634852"]
[EventDate "2025.05.20"]

1. d4 d5 2. c4 e6 3. Nf3 c5 4. cxd5 exd5 5. Bg5 Be7 6. Bxe7 Qxe7 7. Nc3 Nf6 8.
dxc5 Qxc5 9. e3 O-O 10. Be2 Qb6 11. a3 Rd8 12. O-O Nc6 13. Na4 Qc7 14. Rc1 Bg4
15. h3 Bxf3 16. Bxf3 Qe7 17. Nc5 Ne4 18. Bxe4 dxe4 19. Qg4 Re8 20. Rfd1 Qf6 21.
b4 Qb2 22. Nxe4 Ne5 23. Qg3 Nd3 24. Rb1 Qe5 25. Qxe5 Nxe5 26. Nd6 Re7 27. Rd5 g6
28. Rbd1 Nc6 29. b5 Na5 30. e4 Kg7 31. f4 a6 32. e5 axb5 33. Rxb5 Nc6 34. Rd3
Ra4 35. g3 Na5 36. Rxb7 Nxb7 37. Nxb7 Rxb7 0-1

[Event "Titled Tue 20th May Early"]
[Site "chess.com INT"]
[Date "2025.05.20"]
[Round "10"]
[White "Bratovic, Blaz"]
[Black "Marcziter, Dmitrii"]
[Result "1-0"]
[WhiteTitle "IM"]
[BlackTitle "FM"]
[WhiteElo "2319"]
[BlackElo "2208"]
[WhiteFideId "14603551"]
[BlackFideId "13900765"]
[EventDate "2025.05.20"]

1. e4 c5 2. Nf3 a6 3. c3 d5 4. e5 Nc6 5. d4 Bg4 6. Be2 e6 7. Nbd2 Qb6 8. O-O Nh6
9. b4 cxb4 10. cxb4 Nf5 11. Bb2 Bxb4 12. h3 Bxf3 13. Nxf3 h5 14. Rb1 Qc7 15. Bd3
g6 16. Bc1 Be7 17. Be3 h4 18. Qd2 Rc8 19. Rfc1 Qd7 20. Rb6 Bd8 21. Rbb1 Ba5 22.
Qe2 Nb4 23. Bxf5 gxf5 24. Bg5 Nc6 25. Bf6 Rg8 26. Qe3 Bd8 27. Qh6 Bxf6 28. exf6
Qd6 29. Ne5 Qf8 30. Qxf8+ Rxf8 31. Rxb7 Na7 32. Rcb1 Nb5 33. Re7+ Kd8 34. Nxf7+
Rxf7 35. Rxf7 Rc2 36. a4 Ke8 37. Re7+ Kf8 38. axb5 axb5 39. Rxb5 Rc1+ 40. Kh2
Rc8 41. Rbb7 f4 42. Rh7 Kg8 43. Rbg7+ Kf8 44. Rh8# 1-0